000 01528cam a2200337 4500
002 41
008 040922n2004 000 0 eng u
020 _a1904388248
035 _a(Sirsi) u127482
041 _aeng
050 _a346.410435
_c18
100 _aAnstey, John
245 _aAccess to Neighbouring Land Act 1992
_ba CPD study pack
250 _a3rd ed.
260 _aReading
_bCollege of Estate Management
_c2004
300 _a26p.
_c30cm. + 1 audio cassette (ca. 60 min.)
350 _a44
490 _aCollege of Estate Management CPD Study Pack
520 _aThe third edition of this CPD study pack explains the effects of the Access to Neighbouring Land Act 1992 and the Civil Procedure Rules that govern the operation of the Act. After outlining the key sections of the Act and information about the Civil Procedure Rules, the study paper briefly looks at access agreements, the role of surveyors, envoi, and the case "Dean v Walker" ([1996] EWCA 380 CA). Further reading.
520 _aAccompanied by an Owlion audio tape "Access to Neighbouring Land Act 1992" (E1354) which is available to borrow separately.
520 _aSupersedes second edition (ISBN 1899769935).
650 _aBoundary disputes
_96221
650 _aACCESS ORDERS
650 _aACCESS TO NEIGHBOURING LAND ACT 1992
650 _aDEAN V WALKER
650 _aCIVIL PROCEDURE RULES 1998
690 _aBoundary disputes
_96221
700 _aNorth, Graham
710 _aCollege of Estate Management
_9400
942 _n0
999 _c103794
_d103794